| 000 | 00520nam a22001817a 4500 | ||
|---|---|---|---|
| 003 | BDDh-ASL | ||
| 005 | 20231015031056.0 | ||
| 008 | 221222s1936 ii ||||| |||| 00| 0 a d | ||
| 040 |
_aBDDh-ASL _cBDDh-ASL |
||
| 041 | _aara | ||
| 082 |
_a297 _bSIA |
||
| 100 | 1 |
_aSiddiqi, Mohammad Zubair As _96850 |
|
| 245 | 1 | 0 | _aAs Siyarul ḥathīth : / السير الحثيث |
| 260 |
_aDeccan : _bDairatul Marif al Usmania Press , _c1936/1358H. |
||
| 300 |
_a55 p. : _c24 cm. |
||
| 650 | 0 |
_aHadith _93956 |
|
| 942 |
_2ddc _cBK |
||
| 999 |
_c29828 _d29828 |
||